|
|
|
|
| LEADER |
01043nam a2200265 a 4500 |
| 001 |
1183257 |
| 008 |
120712s2002 njua 001 0 eng d |
| 010 |
|
|
|a 97047425
|
| 020 |
|
|
|a 0130976059
|
| 020 |
|
|
|a 0131933051
|
| 020 |
|
|
|a 013958661X
|
| 040 |
|
|
|a DLC
|c DLC
|d DLC
|d BD-DhAAL
|
| 082 |
0 |
0 |
|a 428.2/4
|2 21
|
| 100 |
1 |
|
|a Azar, Betty Schrampfer,
|d 1941-
|
| 245 |
1 |
0 |
|a Understanding and using English grammar /
|c Betty Schrampfer Azar.
|
| 250 |
|
|
|a 3rd ed.
|
| 260 |
|
|
|a Upper Saddle River, NJ :
|b Prentice Hall Regents,
|c c2002
|
| 300 |
|
|
|a xvi. 437, A30, 77, 8 p. :
|b ill. ;
|c 26 cm.
|
| 500 |
|
|
|a Includes index.
|
| 541 |
|
|
|a 00025571
|
| 650 |
|
0 |
|a English language
|x Textbooks for foreign speakers.
|
| 650 |
|
0 |
|a English language
|x Grammar
|x Problems, exercises, etc.
|
| 852 |
1 |
|
|a Ayesha Abed Library
|j General shelf
|
| 999 |
|
|
|c 12559
|d 12559
|
| 952 |
|
|
|0 0
|1 4
|2 ddc
|4 0
|6 428_240000000000000_AZA
|7 0
|9 20725
|a BRACUL
|b BRACUL
|c GEN
|d 2012-07-12
|e Amazon.com
|g 28.46
|l 6
|m 14
|o 428.24 AZA
|p 3010025571
|r 2015-09-02
|s 2015-08-27
|t 1
|w 2012-07-16
|y BK
|x Koha Inventory 2020
|